[Event "Bagby Memorial G/45"]
[Site "San Francisco"]
[Date "2005.07.16"]
[Round "2"]
[White "Sathe, Rohan"]
[Black "Lupton, Stephen"]
[Result "1-0"]
[WhiteElo "1613"]
[BlackElo "1375"]
[PlyCount "99"]
[EventDate "2005.07.16"]
[EventType "swiss (rapid)"]
[EventRounds "5"]
[EventCountry "USA"]

1. d4 Nf6 2. Nf3 g6 3. Bf4 d6 4. Nbd2 Bg7 5. c3 O-O 6. Qc2 c5 7. e3 Nc6 8. Bd3
a6 9. O-O b5 10. Rfe1 Re8 11. e4 c4 12. Be2 d5 13. e5 Nh5 14. Bg3 Nxg3 15. fxg3
Be6 16. Rf1 f6 17. exf6 exf6 18. Rae1 a5 19. b3 a4 20. b4 Ne7 21. Nh4 Qd7 22.
Rf2 Rf8 23. Ref1 Bg4 24. Bxg4 Qxg4 25. Re1 Rae8 26. Rfe2 Rf7 27. Nf1 Qd7 28.
Qd2 Rff8 29. Re6 f5 30. Qe2 Rf6 31. Rxe7 Rxe7 32. Qxe7 Qxe7 33. Rxe7 Kf8 34.
Rd7 Re6 35. Kf2 g5 36. Nf3 h6 37. Rxd5 f4 38. gxf4 g4 39. Ne5 Bf6 40. Rxb5 Ke7
41. f5 Rd6 42. Rb7+ Ke8 43. Nxc4 Rd5 44. Nfe3 Rd8 45. Ra7 h5 46. b5 Rb8 47. b6
Be7 48. b7 Kf7 49. Ne5+ Kf6 50. Nd7+ 1-0

[Event "Bagby Memorial G/45"]
[Site "San Francisco"]
[Date "2005.07.16"]
[Round "2"]
[White "Starr, Albert"]
[Black "Chan, John"]
[Result "1-0"]
[WhiteElo "1294"]
[BlackElo "1605"]
[PlyCount "67"]
[EventDate "2005.07.16"]
[EventType "swiss (rapid)"]
[EventRounds "5"]
[EventCountry "USA"]

1. b4 b5 2. e3 c6 3. c4 a6 4. Bb2 bxc4 5. Bxc4 d5 6. Bb3 Nf6 7. Ne2 e6 8. a3
Bd6 9. g3 e5 10. O-O Bh3 11. Re1 Ng4 12. f4 exf4 13. Nxf4 O-O 14. Nxh3 Qc7 15.
Qxg4 g6 16. Nf4 Nd7 17. Nh5 f5 18. Qd4 Be5 19. Bxd5+ cxd5 20. Qxd5+ Rf7 21.
Bxe5 Nxe5 22. Qxa8+ Rf8 23. Nf6+ Kf7 24. Qd5+ Kxf6 25. Nc3 Rd8 26. Qg2 Nc4 27.
Nd5+ Rxd5 28. Qxd5 Ne5 29. Rac1 Qe7 30. Rf1 Kg5 31. Rc4 Nf7 32. h4+ Kh6 33. Rc6
Ne5 34. Re6 1-0

[Event "Bagby Memorial G/45"]
[Site "San Francisco"]
[Date "2005.07.16"]
[Round "3"]
[White "Chinchwadkar, Ojas"]
[Black "Cassidy, Ryan"]
[Result "0-1"]
[WhiteElo "1224"]
[BlackElo "1594"]
[PlyCount "82"]
[EventDate "2005.07.16"]
[EventType "swiss (rapid)"]
[EventRounds "5"]
[EventCountry "USA"]

1. e4 e6 2. d4 a6 3. Nf3 b5 4. Bd3 Bb7 5. O-O c5 6. c3 c4 7. Bc2 d5 8. Re1 dxe4
9. Bxe4 Bxe4 10. Rxe4 Nf6 11. Bg5 Be7 12. Re1 Nd5 13. Bxe7 Qxe7 14. Nbd2 Nd7
15. a4 O-O 16. axb5 axb5 17. Qc2 N7f6 18. Rxa8 Rxa8 19. Ne4 Nxe4 20. Qxe4 Ra2
21. Qxd5 Rxb2 22. Qa8+ Qf8 23. Qxf8+ Kxf8 24. Ne5 Rb3 25. Rc1 f6 26. Nd7+ Ke7
27. Nc5 Ra3 28. Rb1 Kd6 29. Kf1 e5 30. Rxb5 exd4 31. cxd4 Kd5 32. Nb3+ Ke4 33.
f3+ Ke3 34. g4 Rxb3 35. Ra5 Kxd4 36. Ra1 c3 37. Rd1+ Ke3 38. Re1+ Kxf3 39. Rc1
c2 40. Ke1 Ke3 41. Kf1 Rb1 0-1

[Event "Bagby Memorial G/45"]
[Site "San Francisco"]
[Date "2005.07.16"]
[Round "3"]
[White "Krubnik, Ewelina"]
[Black "Mezentsev, Vladimir"]
[Result "0-1"]
[WhiteElo "1754"]
[BlackElo "2516"]
[PlyCount "39"]
[EventDate "2005.07.16"]
[EventType "swiss (rapid)"]
[EventRounds "5"]
[EventCountry "USA"]

1. e4 e5 2. Nf3 Nc6 3. Bc4 Bc5 4. c3 Nf6 5. d3 O-O 6. Nbd2 d5 7. exd5 Nxd5 8.
O-O a6 9. Re1 Re8 10. d4 exd4 11. Rxe8+ Qxe8 12. Bxd5 dxc3 13. bxc3 Bf5 14. Nb3
Ba7 15. Bf4 Qd7 16. Ng5 Nd8 17. Bf3 c6 18. Qxd7 Bxd7 19. Rd1 Bf5 20. g4 0-1

[Event "Bagby Memorial G/45"]
[Site "San Francisco"]
[Date "2005.07.16"]
[Round "3"]
[White "Lupton, Stephen"]
[Black "Chan, John"]
[Result "0-1"]
[WhiteElo "1375"]
[BlackElo "1605"]
[PlyCount "78"]
[EventDate "2005.07.16"]
[EventType "swiss (rapid)"]
[EventRounds "5"]
[EventCountry "USA"]

1. e4 c6 2. c4 d6 3. Nc3 Nf6 4. d4 e6 5. Bd3 h6 6. Nf3 Be7 7. O-O g5 8. Be3
Nbd7 9. Qd2 Qc7 10. d5 e5 11. b4 Ng4 12. Na4 Nxe3 13. Qxe3 Nf6 14. Nc3 Nh5 15.
Rab1 g4 16. Nd2 Bg5 17. Qe1 Nf4 18. Bc2 h5 19. Ne2 Ng6 20. Ba4 Ke7 21. Ng3 Nh4
22. Qe2 Bd7 23. c5 Ng6 24. Nc4 Kf8 25. Nxd6 Nf4 26. Qb2 f6 27. dxc6 bxc6 28.
Qb3 Rh7 29. b5 Be6 30. b6 axb6 31. Qxb6 h4 32. Qxc6 Qxc6 33. Bxc6 Rd8 34. Ngf5
Ne2+ 35. Kh1 g3 36. Rb2 Nf4 37. Rfb1 gxf2 38. Rxf2 Bxf5 39. Nxf5 Rc7 {
W time exp} 0-1

[Event "Bagby Memorial G/45"]
[Site "San Francisco"]
[Date "2005.07.16"]
[Round "3"]
[White "Nazario, Marc Christian"]
[Black "Gurtovoy, Jason"]
[Result "1-0"]
[WhiteElo "1812"]
[BlackElo "1587"]
[PlyCount "55"]
[EventDate "2005.07.16"]
[EventType "swiss (rapid)"]
[EventRounds "5"]
[EventCountry "USA"]

1. e4 c5 2. Nf3 e6 3. d4 cxd4 4. Nxd4 a6 5. Nc3 Qc7 6. Be2 Nf6 7. O-O Be7 8.
Be3 O-O 9. f4 d6 10. Bf3 Nbd7 11. f5 e5 12. Nb3 b5 13. Kh1 Bb7 14. a3 Nc5 15.
Nxc5 dxc5 16. Qe2 Rfd8 17. Bg5 Rac8 18. Rae1 b4 19. Bxf6 Bxf6 20. Nd5 Bxd5 21.
exd5 Qd6 22. axb4 cxb4 23. Ra1 Ra8 24. Ra4 e4 25. Qxe4 Bxb2 26. Qxb4 Bf6 27.
Qxd6 Rxd6 28. c4 {remainder illegible} 1-0

[Event "Bagby Memorial G/45"]
[Site "San Francisco"]
[Date "2005.07.16"]
[Round "3"]
[White "Qiu, Ramon"]
[Black "Starr, Albert"]
[Result "1-0"]
[WhiteElo "1769"]
[BlackElo "1294"]
[PlyCount "97"]
[EventDate "2005.07.16"]
[EventType "swiss (rapid)"]
[EventRounds "5"]
[EventCountry "USA"]

1. d4 Nf6 2. Nf3 g6 3. c4 Bg7 4. Nc3 O-O 5. Bg5 d6 6. e3 c5 7. Qd2 a6 8. Be2
Qc7 9. Bxf6 Bxf6 10. Nd5 Qc6 11. Nxf6+ exf6 12. O-O f5 13. a4 Nd7 14. Rfe1 Nf6
15. b3 b6 16. Qb2 Ne4 17. d5 Qc7 18. Bd3 Qe7 19. Re2 Qf6 20. Ne1 Qxb2 21. Rxb2
Re8 22. f3 Nf6 23. Kf2 Ra7 24. Re2 Rae7 25. Nc2 Nd7 26. Na3 Ne5 27. Bc2 g5 28.
Rae1 Ng6 29. Nb1 f4 30. e4 Re5 31. Nc3 Ne7 32. g3 fxg3+ 33. hxg3 h5 34. f4 gxf4
35. gxf4 Bg4 36. fxe5 Bxe2 37. exd6 Bg4 38. dxe7 Rxe7 39. e5 Kg7 40. d6 Rd7 41.
Nd5 Rb7 42. Nf6 Kh6 43. Rh1 Kg5 44. Be4 Rb8 45. Nxg4 hxg4 46. d7 f5 47. exf6
Kxf6 48. Bc6 Kg5 49. Re1 1-0

[Event "Bagby Memorial G/45"]
[Site "San Francisco"]
[Date "2005.07.16"]
[Round "3"]
[White "Robbins, Chuck"]
[Black "Wang, Michael"]
[Result "1-0"]
[WhiteElo "1574"]
[BlackElo "1193"]
[PlyCount "50"]
[EventDate "2005.07.16"]
[EventType "swiss (rapid)"]
[EventRounds "5"]
[EventCountry "USA"]

1. d4 d5 2. c4 e6 3. Nc3 Bb4 4. Nf3 Nf6 5. e3 O-O 6. a3 Bxc3+ 7. bxc3 Nc6 8.
Qc2 Ne4 9. Bd3 f5 10. O-O Qf6 11. Bb2 e5 12. cxd5 Ne7 13. dxe5 Qg6 14. c4 Ng5
15. Nxg5 Qxg5 16. f4 Qg4 17. Rf3 Ng6 18. Rg3 Qh4 19. e6 Rf6 20. Bxf6 gxf6 21.
Bxf5 Qh6 22. Rf1 Kg7 23. Rh3 Nh4 24. Qf2 Qh5 25. Qxh4 Qxf5 {remainder illegible
} 1-0

[Event "Bagby Memorial G/45"]
[Site "San Francisco"]
[Date "2005.07.16"]
[Round "3"]
[White "Saguid, Vincent"]
[Black "Wang, Tim"]
[Result "1-0"]
[WhiteElo "1554"]
[BlackElo "1117"]
[PlyCount "44"]
[EventDate "2005.07.16"]
[EventType "swiss (rapid)"]
[EventRounds "5"]
[EventCountry "USA"]

1. Nf3 d5 2. g3 Nc6 3. Bg2 e5 4. d3 Nf6 5. O-O Be7 6. Nbd2 O-O 7. c4 d4 8. a3
Re8 9. Ng5 h6 10. Nge4 Bf5 11. Nxf6+ Bxf6 12. Ne4 Be7 13. Qa4 Qd7 14. Bd2 Bh3
15. f4 exf4 16. Bxf4 Bxg2 17. Kxg2 g5 18. Bd2 Qg4 19. Rae1 f5 20. Nf2 Qh5 21.
h3 Rf8 22. g4 fxg4 {remainder illegible} 1-0

[Event "Bagby Memorial G/45"]
[Site "San Francisco"]
[Date "2005.07.16"]
[Round "4"]
[White "Cassidy, Ryan"]
[Black "Starr, Albert"]
[Result "1-0"]
[WhiteElo "1594"]
[BlackElo "1294"]
[PlyCount "81"]
[EventDate "2005.07.16"]
[EventType "swiss (rapid)"]
[EventRounds "5"]
[EventCountry "USA"]

1. d4 Nf6 2. c4 g6 3. Bg5 Bg7 4. Bxf6 Bxf6 5. e4 d6 6. Nf3 O-O 7. Nc3 c5 8. Be2
Nc6 9. d5 Ne5 10. O-O Nxf3+ 11. Bxf3 b6 12. Re1 Bxc3 13. bxc3 f5 14. e5 dxe5
15. d6 Rb8 16. dxe7 Qxe7 17. Qd5+ Qe6 18. Rxe5 Qxd5 19. Bxd5+ Kg7 20. Re7+ Kh6
21. Rae1 a5 22. Rc7 f4 23. Ree7 Bf5 24. Rxh7+ Kg5 25. h4+ Kf6 26. Rc6+ Be6 27.
Rxe6+ Kf5 28. f3 Rbe8 29. Rhe7 Rxe7 30. Rxe7 Rh8 31. Be4+ Kf6 32. Rb7 Rxh4 33.
Rxb6+ Ke5 34. Rxg6 Rh8 35. Rc6 Rb8 36. Rxc5+ Kd6 37. Rxa5 Rc8 38. c5+ Rxc5 39.
Rxc5 Kxc5 40. Kf2 Kc4 41. a4 1-0

[Event "Bagby Memorial G/45"]
[Site "San Francisco"]
[Date "2005.07.16"]
[Round "4"]
[White "Chan, John"]
[Black "Saguid, Vincent"]
[Result "1-0"]
[WhiteElo "1605"]
[BlackElo "1554"]
[PlyCount "89"]
[EventDate "2005.07.16"]
[EventType "swiss (rapid)"]
[EventRounds "5"]
[EventCountry "USA"]

1. c4 Nf6 2. Nc3 g6 3. d4 Bg7 4. g3 d6 5. Bg2 O-O 6. f4 c6 7. Nf3 Bf5 8. O-O
Qd7 9. b4 Bh3 10. Qd3 Bxg2 11. Kxg2 d5 12. Ne5 Qd8 13. c5 Nbd7 14. Be3 Ne8 15.
a4 Bxe5 16. fxe5 f5 17. Bh6 Ng7 18. Rf2 e6 19. Raf1 b6 20. e3 Rf7 21. Bxg7 Kxg7
22. Ne2 Nf8 23. Nf4 Qb8 24. g4 bxc5 25. bxc5 Qb4 26. gxf5 exf5 27. h4 Re7 28.
h5 Ne6 29. Nh3 Rb8 30. hxg6 hxg6 31. Qe2 Qxa4 32. Qf3 Qb4 33. Qg3 Kf8 34. Ng5
Nxg5 35. Qxg5 Ke8 36. Rh1 Kd7 37. Qf6 Rbe8 38. Qd6+ Kc8 39. Qxc6+ Kb8 40. Ra1
a5 41. Raa2 Qb3 42. Rfb2 Qxb2+ 43. Rxb2+ Ka7 44. Qb6+ Ka8 45. c6 1-0

[Event "Bagby Memorial G/45"]
[Site "San Francisco"]
[Date "2005.07.16"]
[Round "4"]
[White "Cohn, Zachary"]
[Black "Robbins, Chuck"]
[Result "1-0"]
[WhiteElo "1800"]
[BlackElo "1574"]
[PlyCount "40"]
[EventDate "2005.07.16"]
[EventType "swiss (rapid)"]
[EventRounds "5"]
[EventCountry "USA"]

1. d4 d5 2. c4 c6 3. Nf3 Nf6 4. e3 e6 5. Nbd2 Nbd7 6. Bd3 dxc4 7. Nxc4 b5 8.
Nce5 Bb7 9. Bd2 a6 10. b4 Bd6 11. Nxd7 Qxd7 12. O-O O-O 13. e4 Bc8 14. e5 Nd5
15. Bxh7+ Kxh7 16. Ng5+ Kg6 17. Qg4 f5 18. Qh4 f4 19. Qh7+ Kxg5 20. h4+ Kg4 1-0

[Event "Bagby Memorial G/45"]
[Site "San Francisco"]
[Date "2005.07.16"]
[Round "4"]
[White "Vayntrub, Dmitry"]
[Black "Pearson, Michael"]
[Result "0-1"]
[WhiteElo "2061"]
[BlackElo "2202"]
[PlyCount "54"]
[EventDate "2005.07.16"]
[EventType "swiss (rapid)"]
[EventRounds "5"]
[EventCountry "USA"]

1. Nf3 Nf6 2. c4 g6 3. g3 Bg7 4. Bg2 O-O 5. Nc3 d6 6. O-O Nbd7 7. d4 e5 8. h3
c6 9. Bg5 h6 10. Be3 Qe7 11. Qc1 Kh7 12. a3 Nh5 13. g4 Nhf6 14. b4 Re8 15. b5
Nb6 16. dxe5 dxe5 17. Nd2 cxb5 18. Nxb5 Be6 19. Nxa7 Nc8 20. Nxc8 Raxc8 21. Rb1
Rc7 22. Bb6 Rd7 23. Ba5 Rg8 24. Bb4 Qe8 25. Nf3 Qd8 26. Nh2 b5 27. g5 Qc8 {
remainder illegible} 0-1

[Event "Bagby Memorial G/45"]
[Site "San Francisco"]
[Date "2005.07.16"]
[Round "4"]
[White "Wang, Michael"]
[Black "Lupton, Stephen"]
[Result "0-1"]
[WhiteElo "1193"]
[BlackElo "1375"]
[PlyCount "110"]
[EventDate "2005.07.16"]
[EventType "swiss (rapid)"]
[EventRounds "5"]
[EventCountry "USA"]

1. e4 e5 2. Nf3 Nc6 3. Bc4 Nf6 4. d3 Be7 5. O-O O-O 6. Nc3 d6 7. b3 Na5 8. Bb2
c6 9. Re1 b5 10. b4 bxc4 11. bxa5 cxd3 12. cxd3 Qxa5 13. Re2 Ba6 14. a3 c5 15.
Re3 Rac8 16. Ng5 Rfd8 17. Rh3 h6 18. Nf3 Rb8 19. Rb1 Rxb2 20. Rxb2 Qxc3 21. Ra2
Bxd3 22. Nxe5 Bc2 23. Rxc3 Bxd1 24. Nc6 Rd7 25. f3 Ba4 26. Nb8 Rb7 27. Na6 Rb6
28. Nc7 Bc6 29. Nd5 Nxd5 30. exd5 Bxd5 31. Re2 Bf6 32. Re8+ Kh7 33. Rce3 Bd4
34. Kf2 Rb2+ 35. Kg3 Bxe3 36. Rxe3 c4 37. Rc3 Rb3 38. Rc2 Rxa3 39. h3 a5 40. h4
Rd3 41. h5 c3 42. Kh3 Bb3 43. Rc1 c2 44. Kg3 Rd1 45. Rxc2 Bxc2 46. Kh3 a4 47.
g4 g5 48. f4 Rd3+ 49. Kg2 a3 50. fxg5 hxg5 51. Kf2 a2 52. h6 a1=Q 53. Kg2 Ba4
54. Kh2 Qa2+ 55. Kg1 Rd1# 0-1

[Event "Bagby Memorial G/45"]
[Site "San Francisco"]
[Date "2005.07.16"]
[Round "4"]
[White "Woebcke, Carl"]
[Black "Zhu, Kevin"]
[Result "1-0"]
[WhiteElo "1637"]
[BlackElo "1391"]
[PlyCount "67"]
[EventDate "2005.07.16"]
[EventType "swiss (rapid)"]
[EventRounds "5"]
[EventCountry "USA"]

1. e4 c5 2. Nf3 Nc6 3. d4 cxd4 4. Nxd4 g6 5. Be3 Bg7 6. Nc3 e6 7. Qd2 d5 8. Bb5
Nge7 9. exd5 exd5 10. Bh6 O-O 11. Bxg7 Kxg7 12. O-O Nxd4 13. Qxd4+ Kg8 14. Rad1
Be6 15. g4 a6 16. Be2 Qd7 17. Ne4 f5 18. Nf6+ Rxf6 19. Qxf6 Rf8 20. Qc3 Rd8 21.
gxf5 Nxf5 22. Qe5 Re8 23. Bg4 h5 24. Bxf5 gxf5 25. Kh1 Kh7 26. Rg1 Rg8 27. Rxg8
Kxg8 28. Rg1+ Kh7 29. Qf6 Qf7 30. Qe5 b5 31. Re1 Bc8 32. Qd6 Qg6 33. Qf8 d4 34.
Re7+ 1-0

[Event "Bagby Memorial G/45"]
[Site "San Francisco"]
[Date "2005.07.16"]
[Round "5"]
[White "Gomatam, Nitin"]
[Black "Woebcke, Carl"]
[Result "0-1"]
[WhiteElo "1077"]
[BlackElo "1637"]
[PlyCount "88"]
[EventDate "2005.07.16"]
[EventType "swiss (rapid)"]
[EventRounds "5"]
[EventCountry "USA"]

1. d4 d5 2. c4 e6 3. Nf3 Nf6 4. Bg5 Be7 5. Nc3 b6 6. e3 Bb7 7. Bd3 dxc4 8. Bxc4
Nbd7 9. O-O c5 10. Re1 cxd4 11. exd4 O-O 12. Ne5 Qc7 13. Nb5 Qd8 14. Qb3 Nd5
15. Bxe7 Qxe7 16. Nc3 Nxc3 17. Qxc3 Rac8 18. b3 b5 19. Rab1 Nxe5 20. Rxe5 bxc4
21. bxc4 f6 22. Reb5 Ba6 23. R5b4 Rc7 24. c5 e5 25. Qb3+ Qf7 26. Qxf7+ Rfxf7
27. Rb8+ Rf8 28. Rxf8+ Kxf8 29. d5 Rxc5 30. Rd1 Ke7 31. d6+ Kd7 32. f3 Rc6 33.
Kf2 Rxd6 34. Rxd6+ Kxd6 35. Ke3 Bc4 36. a3 Bd5 37. Kd3 Kc5 38. Kc3 f5 39. a4 e4
40. fxe4 fxe4 41. Kd2 Kb4 42. Ke3 Kxa4 43. Kd4 e3 44. Kxe3 Bxg2 0-1

[Event "Bagby Memorial G/45"]
[Site "San Francisco"]
[Date "2005.07.16"]
[Round "5"]
[White "Lupton, Stephen"]
[Black "Chinchwadkar, Ojas"]
[Result "0-1"]
[WhiteElo "1375"]
[BlackElo "1224"]
[PlyCount "74"]
[EventDate "2005.07.16"]
[EventType "swiss (rapid)"]
[EventRounds "5"]
[EventCountry "USA"]

1. e4 e5 2. Bc4 Nf6 3. d3 Bc5 4. Nc3 O-O 5. f4 d6 6. h3 Nc6 7. f5 Nxe4 8. Nxe4
Bxg1 9. Rxg1 d5 10. Bxd5 Qxd5 11. Qh5 Bxf5 12. Qxf5 Nd4 13. Qf2 f5 14. Nc3 Qc5
15. Be3 Nxc2+ 16. Qxc2 Qxe3+ 17. Ne2 Rad8 18. Rd1 f4 19. Qd2 Qb6 20. Rf1 Qg6
21. Rf2 Rd7 22. Nc3 Rfd8 23. Qc2 Qg3 24. Ne2 Qe3 25. Rf3 Qb6 26. g3 fxg3 27.
Rxg3 Kh8 28. h4 e4 29. d4 Qa5+ 30. Qc3 Qf5 31. Rg5 Qf6 32. Rd2 Rf8 33. Ng3 Qf4
34. Kd1 Qxh4 35. Rf5 Rxf5 36. Nxf5 Qh1+ 37. Kc2 Rf7 {W time exp} 0-1

[Event "Bagby Memorial G/45"]
[Site "San Francisco"]
[Date "2005.07.16"]
[Round "5"]
[White "Robbins, Chuck"]
[Black "Liou, Arthur"]
[Result "0-1"]
[WhiteElo "1574"]
[BlackElo "1312"]
[PlyCount "53"]
[EventDate "2005.07.16"]
[EventType "swiss (rapid)"]
[EventRounds "5"]
[EventCountry "USA"]

1. d4 Nf6 2. c4 g6 3. Nc3 d5 4. cxd5 Nxd5 5. e4 Nxc3 6. bxc3 Bg7 7. Be3 c5 8.
Bb5+ Bd7 9. Bxd7+ Qxd7 10. Rb1 O-O 11. Ne2 cxd4 12. cxd4 Qg4 13. Ng3 Qe6 14. d5
Qa6 15. Qd2 Qc4 16. Rc1 Qa4 17. O-O Na6 18. f3 Rfc8 19. Rb1 b6 20. Ne2 Rc2 21.
Qd1 Qxa2 22. Rf2 Qc4 23. Rc1 Rxc1 24. Qxc1 Qxc1+ 25. Nxc1 Nc7 26. Ra2 f5 27.
Bxb6 0-1

[Event "Bagby Memorial G/45"]
[Site "San Francisco"]
[Date "2005.07.16"]
[Round "5"]
[White "Starr, Albert"]
[Black "Saguid, Vincent"]
[Result "1-0"]
[WhiteElo "1294"]
[BlackElo "1554"]
[PlyCount "71"]
[EventDate "2005.07.16"]
[EventType "swiss (rapid)"]
[EventRounds "5"]
[EventCountry "USA"]

1. b4 e5 2. b5 Nf6 3. Bb2 d6 4. e3 Be7 5. Nf3 O-O 6. Be2 a6 7. a4 Bf5 8. O-O
Nbd7 9. d3 e4 10. Nd4 Bg6 11. Nd2 exd3 12. cxd3 Nc5 13. N2b3 Nxb3 14. Qxb3 d5
15. Rfd1 Bd6 16. Bf3 Qd7 17. g3 c6 18. Rac1 Rfc8 19. b6 a5 20. Bc3 Qe7 21. Ra1
Bc5 22. Qb2 Nd7 23. Nb3 Bxb6 24. Bxg7 f6 25. Bh6 Ne5 26. Be2 Kf7 27. Nd4 Ba7
28. f4 Nxd3 29. Bxd3 Qxe3+ 30. Qf2 Qxf2+ 31. Kxf2 Bxd4+ 32. Ke2 Bxd3+ 33. Kxd3
Bxa1 34. Rxa1 Kg6 35. Rb1 Rab8 36. Kd4 {B time exp} 1-0

[Event "Pafnutieff Memorial G/45"]
[Site "San Francisco"]
[Date "2005.08.06"]
[Round "1"]
[White "Tuvshintugs, Batchimeg"]
[Black "Chan, John"]
[Result "1-0"]
[WhiteElo "2275"]
[BlackElo "1644"]
[PlyCount "63"]
[EventDate "2005.08.06"]
[EventType "swiss (rapid)"]
[EventRounds "5"]
[EventCountry "USA"]

1. e4 c5 2. Nf3 d6 3. d4 cxd4 4. Nxd4 Nf6 5. Nc3 a6 6. Be2 e5 7. Nb3 Be6 8. Be3
Be7 9. O-O Nc6 10. f4 O-O 11. Kh1 b5 12. Bf3 Bc4 13. Rf2 Rc8 14. Rd2 Qc7 15.
Nd5 Bxd5 16. exd5 Nb4 17. c3 e4 18. cxb4 exf3 19. Qxf3 Qc4 20. Rd4 Qc2 21. Rd2
Qg6 22. Re2 Rc4 23. Bd4 Re8 24. Rae1 Kf8 25. Bc3 h5 26. Na5 Rc7 27. Nc6 Qf5 28.
Bxf6 gxf6 29. h3 Qg6 30. f5 Qg5 31. Re3 Qh6 32. Qe2 1-0

[Event "Pafnutieff Memorial G/45"]
[Site "San Francisco"]
[Date "2005.08.06"]
[Round "2"]
[White "Aigner, Michael"]
[Black "Goodkind, Lauren"]
[Result "1-0"]
[WhiteElo "2285"]
[BlackElo "1786"]
[PlyCount "87"]
[EventDate "2005.08.06"]
[EventType "swiss (rapid)"]
[EventRounds "5"]
[EventCountry "USA"]

1. e4 e5 2. Nf3 Nc6 3. d4 exd4 4. Nxd4 Bc5 5. Be3 Bb6 6. Nc3 Nf6 7. f3 d6 8.
Bc4 Qe7 9. Qd2 Nxd4 10. Bxd4 Be6 11. Bxe6 fxe6 12. Bxb6 axb6 13. O-O O-O 14. a3
Rad8 15. Qe3 Rd7 16. Rad1 Rfd8 17. Rfe1 Qf7 18. e5 dxe5 19. Rxd7 Rxd7 20. Qxe5
Nd5 21. Ne4 Qf5 22. Ng5 Qxe5 23. Rxe5 Nf4 24. g3 h6 25. Ne4 Nh3+ 26. Kg2 Ng5
27. Nxg5 hxg5 28. Re2 Kf7 29. Kf2 Kf6 30. Ke1 Kf5 31. Rd2 Rxd2 32. Kxd2 g4 33.
Ke3 c6 34. a4 g5 35. fxg4+ Kxg4 36. h4 gxh4 37. gxh4 Kxh4 38. Kf4 e5+ 39. Kxe5
Kg4 40. Ke6 Kf4 41. Kd6 Ke3 42. Kc7 Ke4 43. Kxb7 Kd4 44. Kxb6 {
W won in a few more moves} 1-0

[Event "Pafnutieff Memorial G/45"]
[Site "San Francisco"]
[Date "2005.08.06"]
[Round "2"]
[White "Chan, John"]
[Black "Subrahamian, Rahul"]
[Result "1-0"]
[WhiteElo "1644"]
[BlackElo "1481"]
[PlyCount "63"]
[EventDate "2005.08.06"]
[EventType "swiss (rapid)"]
[EventRounds "5"]
[EventCountry "USA"]

1. c4 e5 2. Nc3 f5 3. d3 Nf6 4. Bg5 Bb4 5. a3 Bxc3+ 6. bxc3 O-O 7. g3 c6 8. Bg2
Qa5 9. Qc2 d5 10. Bxf6 Rxf6 11. Nf3 e4 12. dxe4 fxe4 13. Nd4 Nd7 14. cxd5 cxd5
15. O-O Ne5 16. Qb3 Rb6 17. Qc2 Nc4 18. Qc1 Bd7 19. Qg5 Qxc3 20. Qxd5+ Kh8 21.
Qxd7 Rd6 22. Qxb7 Qxd4 23. Qxa8+ Rd8 24. Qc6 e3 25. f3 Nd2 26. Rfe1 h6 27. Rac1
Qb2 28. Bh3 Qb3 29. Red1 Qxa3 30. Bf5 Rf8 31. Qg6 Kg8 32. Rc7 1-0

[Event "Pafnutieff Memorial G/45"]
[Site "San Francisco"]
[Date "2005.08.06"]
[Round "2"]
[White "Goodkind, Barbara"]
[Black "Tsai, Chris"]
[Result "1/2-1/2"]
[WhiteElo "1699"]
[BlackElo "1491"]
[PlyCount "22"]
[EventDate "2005.08.06"]
[EventType "swiss (rapid)"]
[EventRounds "5"]
[EventCountry "USA"]

1. g3 d5 2. Bg2 e5 3. e3 Nf6 4. d4 e4 5. Ne2 Bg4 6. O-O Qd7 7. Re1 Bh3 8. Bh1
Bd6 9. c4 c6 10. Nbc3 Qf5 11. cxd5 cxd5 {remainder illegible} 1/2-1/2

[Event "Pafnutieff Memorial G/45"]
[Site "San Francisco"]
[Date "2005.08.06"]
[Round "2"]
[White "Lupton, Stephen"]
[Black "Luke, Gary"]
[Result "0-1"]
[WhiteElo "1376"]
[BlackElo "1820"]
[PlyCount "22"]
[EventDate "2005.08.06"]
[EventType "swiss (rapid)"]
[EventRounds "5"]
[EventCountry "USA"]

1. e4 c5 2. Nc3 Nc6 3. g3 d6 4. Bg2 Nf6 5. h3 g6 6. d3 Bg7 7. Be3 Bd7 8. Qd2
Nd4 9. Nce2 Qb6 10. O-O-O Nxe2+ 11. Nxe2 Nxe4 0-1

[Event "Pafnutieff Memorial G/45"]
[Site "San Francisco"]
[Date "2005.08.06"]
[Round "2"]
[White "Saguid, Vincent"]
[Black "Celis, Christian"]
[Result "1-0"]
[WhiteElo "1554"]
[BlackElo "1450"]
[PlyCount "35"]
[EventDate "2005.08.06"]
[EventType "swiss (rapid)"]
[EventRounds "5"]
[EventCountry "USA"]

1. Nf3 c5 2. g3 Nc6 3. Bg2 g6 4. O-O Bg7 5. d3 e6 6. e4 Nge7 7. c3 O-O 8. Re1
b5 9. Bg5 b4 10. Qd2 Re8 11. Bh6 Bh8 12. Qf4 Ba6 13. Qd6 Rb8 14. e5 bxc3 15.
bxc3 Nf5 16. Qxc5 Nxh6 17. Nbd2 Bxd3 18. Nc4 {B time exp} 1-0

[Event "Pafnutieff Memorial G/45"]
[Site "San Francisco"]
[Date "2005.08.06"]
[Round "2"]
[White "Sanguinetti, George"]
[Black "Yeh, Andrew"]
[Result "1-0"]
[WhiteElo "1978"]
[BlackElo "1262"]
[PlyCount "67"]
[EventDate "2005.08.06"]
[EventType "swiss (rapid)"]
[EventRounds "5"]
[EventCountry "USA"]

1. e4 e5 2. f4 d5 3. exd5 e4 4. d3 Nf6 5. dxe4 Nxe4 6. Nf3 Bc5 7. Qe2 Qe7 8.
Be3 Bb6 9. Bxb6 axb6 10. Nbd2 O-O 11. Qxe4 Qxe4+ 12. Nxe4 Re8 13. Bd3 f5 14.
Ne5 fxe4 15. Bb5 Rd8 16. a3 Bd7 17. Bc4 Kf8 18. O-O c6 19. Rad1 Be8 20. Bb3 Na6
21. c4 Nc5 22. Bc2 Bh5 23. g4 Bf7 24. b4 e3 25. Rfe1 Nd7 26. Rxe3 Nxe5 27. fxe5
cxd5 28. cxd5 Rxd5 29. Rf1 Ke7 30. Bb3 Rxa3 31. Rxf7+ Ke8 32. Rxg7 Rb5 33. Rc3
Kd8 34. Rd3+ 1-0

[Event "Pafnutieff Memorial G/45"]
[Site "San Francisco"]
[Date "2005.08.06"]
[Round "2"]
[White "Sowell, Nelson"]
[Black "Starr, Albert"]
[Result "1/2-1/2"]
[WhiteElo "1758"]
[BlackElo "1527"]
[PlyCount "138"]
[EventDate "2005.08.06"]
[EventType "swiss (rapid)"]
[EventRounds "5"]
[EventCountry "USA"]

1. d4 f5 2. c4 e6 3. g3 Nf6 4. Bg2 c6 5. Nf3 d5 6. O-O Be7 7. Qc2 O-O 8. Rd1
dxc4 9. Qxc4 b5 10. Qc2 Qc7 11. Nc3 Bb7 12. Nxb5 Qb6 13. Nc3 Nbd7 14. Na4 Qa6
15. Qb3 c5 16. dxc5 Nxc5 17. Nxc5 Bxc5 18. Ng5 Bd5 19. Qd3 Qb6 20. e3 Rad8 21.
Bxd5 Rxd5 22. Qe2 Rfd8 23. Rxd5 Rxd5 24. b3 h6 25. Nf3 Ne4 26. Bb2 g5 27. Rd1
Qd6 28. Rxd5 Qxd5 29. Ne5 g4 30. Qb5 Qd1+ 31. Qf1 Qc2 32. Nd3 Nd2 33. Qe2 Nf3+
34. Kf1 Nxh2+ 35. Ke1 Qb1+ 36. Qd1 Nf3+ 37. Ke2 Ng1+ 38. Ke1 Nf3+ 39. Ke2 Qxd1+
40. Kxd1 Bb6 41. Kc2 Kf7 42. b4 h5 43. Ne5+ Nxe5 44. Bxe5 Ke7 45. a4 Kd7 46. a5
Bd8 47. Kd3 h4 48. gxh4 Bxh4 49. Bg3 Be7 50. Kc4 Kc6 51. b5+ Kb7 52. Be5 Ba3
53. Bc3 Bd6 54. Be1 f4 55. exf4 Bxf4 56. Kc5 e5 57. Kd5 Kc7 58. Ke4 Kd6 59.
Bb4+ Kc7 60. Bc5 Kb7 61. Bd6 Bd2 62. Bxe5 Bxa5 63. Bd4 Bc7 64. Be5 Bb6 65. Bg3
Bc7 66. Bxc7 Kxc7 67. Kd5 Kb6 68. Kc4 Ka5 69. Kc5 Ka4 1/2-1/2